000 00473nam a2200145Ia 4500
008 090122s9999 xx 000 0 und d
082 _b8432
_a891.463
100 _aवाघे
_bसुरेश
245 _aकिती आवरशी दो कराने ?
600 _aवाघे
630 _aकिती आवरशी दो कराने ?
700 _aवाघे
730 _aकिती आवरशी दो कराने ?
942 _cBOOK
999 _c32509
_d32509